Charlie needs a cloak / (Record no. 4811)
[ view plain ]
| 000 -LEADER | |
|---|---|
| fixed length control field | 00931nam a22003017a 4500 |
| 001 - CONTROL NUMBER | |
| control field | 4811 |
| 003 - CONTROL NUMBER IDENTIFIER | |
| control field | FISKH |
| 005 - DATE AND TIME OF LATEST TRANSACTION | |
| control field | 20241016090720.0 |
| 008 - FIXED-LENGTH DATA ELEMENTS--GENERAL INFORMATION | |
| fixed length control field | 241016b cb ||||| |||| 00| 0 eng d |
| 020 ## - INTERNATIONAL STANDARD BOOK NUMBER | |
| International Standard Book Number | 0590441884 |
| 040 ## - CATALOGING SOURCE | |
| Original cataloging agency | FISKH |
| Language of cataloging | eng |
| Transcribing agency | FISKH |
| Modifying agency | FISKH |
| 050 ## - LIBRARY OF CONGRESS CALL NUMBER | |
| Classification number | TS1626.D4 |
| 082 ## - DEWEY DECIMAL CLASSIFICATION NUMBER | |
| Classification number | 646.45 |
| 100 ## - MAIN ENTRY--PERSONAL NAME | |
| Personal name | dePaola, Tomie |
| Dates associated with a name | (1934–2020) |
| 245 ## - TITLE STATEMENT | |
| Title | Charlie needs a cloak / |
| Statement of responsibility, etc. | Story and Pictures by Tomie dePoala |
| 250 ## - EDITION STATEMENT | |
| Edition statement | First printing in 1990 |
| 260 ## - PUBLICATION, DISTRIBUTION, ETC. | |
| Place of publication, distribution, etc. | New York : |
| Name of publisher, distributor, etc. | Scholastic, |
| Date of publication, distribution, etc. | 1990. |
| 300 ## - PHYSICAL DESCRIPTION | |
| Extent | 27 pages : |
| Other physical details | Color illustrations ; |
| Dimensions | 21 cm |
| 505 ## - FORMATTED CONTENTS NOTE | |
| Formatted contents note | J<br/> |
| 520 ## - SUMMARY, ETC. | |
| Summary, etc. | A shepherd shears his sheep, cards and spins the wool, weaves and dyes the cloth, and sews a beautiful new red cloak. |
| 521 8# - TARGET AUDIENCE NOTE | |
| Target audience note | 500L<br/> |
| Source | Lexile<br/> |
| 521 8# - TARGET AUDIENCE NOTE | |
| Target audience note | J<br/> |
| Source | Raz-Plus<br/> |
| 650 ## - SUBJECT ADDED ENTRY--TOPICAL TERM | |
| Source of heading or term | Picture book |
| Topical term or geographic name entry element | Farm |
| 650 ## - SUBJECT ADDED ENTRY--TOPICAL TERM | |
| Source of heading or term | Sheep |
| Topical term or geographic name entry element | Animals |
| 700 ## - ADDED ENTRY--PERSONAL NAME | |
| Personal name | dePaola, Tomie |
| Dates associated with a name | Illustrator |
| 942 ## - ADDED ENTRY ELEMENTS (KOHA) | |
| Source of classification or shelving scheme | Dewey Decimal Classification |
| Koha item type | Books |
| Suppress in OPAC | No |
| Withdrawn status | Lost status | Source of classification or shelving scheme | Damaged status | Not for loan | Home library | Current library | Shelving location | Date acquired | Total Checkouts | Full call number | Barcode | Date last seen | Date last checked out | Copy number | Price effective from | Koha item type |
|---|---|---|---|---|---|---|---|---|---|---|---|---|---|---|---|---|
| Dewey Decimal Classification | Footprints International School Library Network Toul Kork Campus | Footprints International School Library Network Toul Kork Campus | TK Primary Library Room(4th Floor), Bookcase 1&2, Shelves 1-16, Dark Blue Books | 10/16/2024 | 1 | DEP 646.45 TS1626.D4 | 2024-2145 | 03/19/2025 | 03/12/2025 | 1 | 10/16/2024 | Books |
